000 00606nam a2200217Ia 4500
003 OSt
005 20220928144950.0
006 a|||||r|||| 00| 0
007 ta
008 220927b |||||||| |||| 00| 0 eng d
024 _a77494
037 _cTextual
040 _aSDCL
_cSDCL
_beng
041 _2eng
_aeng
082 _aX651:89Q1, N7
100 _aDemark Thomas R
_9510684
245 0 _aNew market timing techniques
_b Innovative studies in market rhythm and price exhaustion.
260 _c1997
942 _hX651:89Q1, N7
_cTEXL
_2CC
999 _c830824
_d830824